[Event "Rouyn-Noranda Retrouvailles"]
[Site "Rouyn"]
[Date "1986.12.19"]
[Round "1"]
[White "Saint Pierre, Gilles"]
[Black "Belanger, Yves"]
[Result "1-0"]
[WhiteElo "1803"]
[BlackElo "1348"]
[PlyCount "39"]
[EventDate "1986.12.19"]
[EventType "swiss"]
[EventRounds "5"]
[EventCountry "CAN"]
[SourceTitle "EXT 2022"]
[Source "ChessBase"]
[SourceDate "2021.10.06"]
[SourceVersion "1"]
[SourceVersionDate "2021.10.06"]
[SourceQuality "1"]

1. c4 Nf6 2. d4 c6 3. Nc3 d6 4. e4 h6 5. Bd3 e6 6. Be3 Be7 7. Nge2 Bd7 8. Ng3 0-0 9. e5 Nh7 10. f4 f6 11. exd6 Bxd6 12. c5 Bc7 13. Qc2 f5 14. Qb3 Bc8 15. Bxf5 Qf6 16. Nce4 Qf7 17. Bxh7+ Kxh7 18. 0-0 e5 19. Qd3 Qd5 20. Ng5+ 1-0